More European Landmarks by Country Quiz Stats

 Plays Quiz Updated Jul 14, 2016

Challenge
Share
Tweet
Embed
Score 0/25 Timer 04:00
4 Plays Today
% Correct
France
93.9%
United Kingdom
93.9%
Italy
90.8%
Greece
87.9%
Germany
86.8%
Czechia
75.9%
Switzerland
72.6%
Portugal
68%
Russia
64.4%
Poland
63.4%
Turkey
62.8%
Denmark
62.7%
Vatican City
58.3%
% Correct
Iceland
53.1%
Finland
51.7%
Monaco
42.6%
Ireland
42%
Belgium
33.5%
Romania
32.9%
Sweden
28%
Albania
27.3%
Netherlands
26%
Spain
22.8%
Norway
22.3%
Belarus
21.4%

You're not logged in!

Compare scores with friends on all Sporcle quizzes.
OR
Log In

You Might Also Like...

Show Comments

Extras

Top Quizzes Today


Score Distribution

Your Account Isn't Verified!

In order to create a playlist on Sporcle, you need to verify the email address you used during registration. Go to your Sporcle Settings to finish the process.

Report this User

Report this user for behavior that violates our Community Guidelines.

Details: